| 000 | 00468nam a22001457a 4500 | ||
|---|---|---|---|
| 999 |
_c3425 _d3425 |
||
| 008 | 200615b ||||| |||| 00| 0 eng d | ||
| 020 | _a9788280115550 | ||
| 082 | 0 | 0 |
_a623.893 _bI339 |
| 110 |
_976 _aInternational Maritime Organization |
||
| 245 | 1 | 0 | _aModel course 1.27 : operational use of electric chart display and information system / |
| 260 |
_aLondon : _bInternational Maritime Organization, _c2012. |
||
| 300 | _a200p. | ||
| 650 | 0 | _aShip Operations | |
| 942 | _cBK | ||